| 000 | 00498nam a2200181Ia 4500 | ||
|---|---|---|---|
| 005 | 20250508160455.0 | ||
| 008 | 008 250505s9999 xx 000 0 eng d | ||
| 037 | _aTextual | ||
| 040 |
_aFEDL _beng _cFEDL |
||
| 041 |
_aeng _2eng |
||
| 084 |
_aB, WAS _qFEDL |
||
| 100 |
_aFraff Stewart _9768587 |
||
| 245 | 0 | _aGeorge Washington: Father of freedom | |
| 260 |
_aNew York, USA _bDell Publishing Co. Inc. _c1960 |
||
| 300 | _a80p. | ||
| 942 |
_cTEXL _hB, WAS |
||
| 999 |
_c1364825 _d1364825 |
||